| 000 | 00000nam##2200000za#4500 |
| 001 | 9.663162 |
| 003 | CaOODSP |
| 005 | 20210615120921 |
| 007 | ta |
| 008 | 150407|2002||||xxc||||| f|0| 0 fre|d |
| 020 | |a0-662-66038-2 |
| 040 | |aCaOODSP|bfre |
| 041 | |aeng |
| 041 | |afre |
| 043 | |an-cn--- |
| 086 | 1 |aYL2-12/2002 |
| 245 | 03|aLe Parlement du Canada vu de l'intérieur : |bintroduction au fonctionnement du Parlement canadien |
| 250 | |aPremière édition |
| 260 | |aOttawa - Ontario : |bBibliothèque du Parlement |c2002. |
| 300 | |aTexte français, 36p. : |bill. ; |c28 cm. |
| 563 | |aCouverture souple |
| 590 | |a02-27|b2002-07-05 |
| 691 | 07|aChambre des communes|2gcpds |
| 691 | 07|aSénat|2gcpds |
| 710 | 1 |aCanada. |bBibliothèque du Parlement. |
| 776 | 0#|tLe Parlement du Canada vu de l'intérieur : |w(CaOODSP)9.642043 |
| 776 | 0#|tInside Canada's Parliament : |w(CaOODSP)9.698047 |
| 791 | |tInside Canada's Parliament : |eeng|w(CaOODSP)9.663161 |